Stanley Cup Champions Since 1927 - Statistics

General Stats
  • This quiz has been taken 916 times
    899 since last reset
  • The average score is 46 of 85
Answer Stats
Answer % Correct
1927 Senators
70%
2012 Kings
68%
2011 Bruins
67%
1993 Canadiens
66%
2010 Blackhawks
65%
1971 Canadiens
65%
1973 Canadiens
64%
1976 Canadiens
64%
1977 Canadiens
64%
1978 Canadiens
64%
1979 Canadiens
64%
1986 Canadiens
64%
1980 Islanders
64%
1982 Islanders
64%
1985 Oilers
64%
1991 Penguins
64%
2009 Penguins
64%
1981 Islanders
63%
1983 Islanders
63%
1984 Oilers
63%
1987 Oilers
63%
1994 Rangers
63%
2001 Avalanche
62%
1972 Bruins
62%
1968 Canadiens
62%
2007 Ducks
62%
1967 Maple Leafs
62%
1988 Oilers
62%
1992 Penguins
62%
1997 Red Wings
62%
1998 Red Wings
62%
2008 Red Wings
62%
1999 Stars
62%
1970 Bruins
61%
1969 Canadiens
61%
2000 Devils
61%
2006 Hurricanes
61%
1990 Oilers
61%
2002 Red Wings
61%
1974 Flyers
60%
1975 Flyers
60%
1996 Avalanche
59%
1995 Devils
59%
2003 Devils
59%
1989 Flames
59%
2004 Lightning
59%
1930 Canadiens
57%
1931 Canadiens
56%
1960 Canadiens
54%
1965 Canadiens
54%
1928 Rangers
54%
1959 Canadiens
53%
1966 Canadiens
53%
1956 Canadiens
51%
1958 Canadiens
51%
1929 Bruins
50%
1957 Canadiens
50%
1964 Maple Leafs
50%
1932 Maple Leafs
49%
1961 Blackhawks
48%
1962 Maple Leafs
48%
1953 Canadiens
47%
1963 Maple Leafs
47%
1933 Rangers
45%
1955 Red Wings
44%
1954 Red Wings
43%
1940 Rangers
42%
1944 Canadiens
41%
1946 Canadiens
41%
1951 Maple Leafs
41%
1952 Red Wings
41%
1950 Red Wings
40%
1934 Blackhawks
39%
1942 Maple Leafs
39%
1936 Red Wings
39%
1941 Bruins
38%
1945 Maple Leafs
38%
1948 Maple Leafs
38%
1949 Maple Leafs
38%
1937 Red Wings
38%
1947 Maple Leafs
37%
1943 Red Wings
37%
1939 Bruins
36%
1935 Maroons
35%
1938 Red Wings
33%
No matching quizzes found
Score Distribution
Percent of People with Each Score
Percentile by Number Answered
Your Score History
You have not taken this quiz since the last reset